Hommes/femmes politique français(es) de A à Z - Statistiques

Statistiques générales
  • Ce quiz a été pris 417 fois
  • Le résultat moyen est 14 sur 22
Statistiques - réponses
Lettre Indice Réponse % Correct
M Le président de la République Emmanuel Macron
97%
D Le premier président de la Vème république Charles De Gaulle
94%
Z Fondateur du parti Reconquête Eric Zemmour
92%
H Président de la république qui a dit "be proud of you" François Hollande
92%
S Président qui a voulu "faire passer le karcher" Nicolas Sarkozy
89%
V Ministre de la santé qui a porté la loi sur l'IVG , rescapée de la Shoah Simone Veil
89%
C Le premier président de la république du deuxième millénaire Jacques Chirac
82%
P Présidente de la région Ile de France Valérie Pécresse
79%
J Il s'est retiré de la vie politique après sa défaite en 2002 Lionel Jospin
77%
B Ancien maire de Levallois-Perret Patrick Balkany
71%
L Elle a dit "n*que ta mère" Marine Le Pen
70%
W Président du groupe LR à l'assemblée nationale Laurent Wauquiez
68%
E Actuel maire de Nice Christian Estrosi
67%
R Secrétaire national du PCF Fabien Roussel
66%
T Ministre de la Justice sous François Hollande Christiane Taubira
50%
Q Ancien député LFI Adrien Quatennens
49%
A Président de la république entre 1947 et 1954 Vincent Auriol
49%
N Ancien ministre de l'éducation national de 2022 à 2023 Pap Ndiaye
44%
F Président de l'Assemblée National de 2018 à 2022 Richard Ferrand
38%
K Actuel Ministre de la fonction publique Guillaume Kasbarian
23%
G Maire actuel de Metz François Grosdidier
11%
O Député français qui a fait une carrière dans le football Karl Olive
7%
Aucun quiz correspondant
Distribution des résultats
% des personnes avec chaque résultat
Percentile par nombre de réponses
Votre historique - résultats
Vous n’avez pas pris ce quiz